Rola Jamesa Milla vo formulácii princípu komparatívnych výhod

Základné body vedeckej diskusie o autorstve princípu komparatívnych výhod a argumenty v prospech Davida Ricarda, Roberta Torresa a Jamesa Milla. Úloha Jamesa Milla v tejto oblasti výskumu.

Guardado en:
Detalles Bibliográficos
Autor principal: Grančay, Martin, 1984-2024
Otros Autores: Grančay, Nóra
Formato: Capítulo de libro
Lenguaje:eslovaco
Materias:
Etiquetas: Agregar Etiqueta
Sin Etiquetas, Sea el primero en etiquetar este registro!

MARC

LEADER 00000naa a2200000 4500
001 0192519
005 20240502073229.9
041 0 |a slo 
044 |a SK 
245 1 0 |a Rola Jamesa Milla vo formulácii princípu komparatívnych výhod  |c Martin Grančay, Nóra Grančay 
520 |a Základné body vedeckej diskusie o autorstve princípu komparatívnych výhod a argumenty v prospech Davida Ricarda, Roberta Torresa a Jamesa Milla. Úloha Jamesa Milla v tejto oblasti výskumu. 
610 2 0 |a výhody komparatívne 
610 2 0 |a dejiny myslenia ekonomického 
610 2 0 |a teórie ekonomické 
610 2 0 |a Mill James 
100 1 |a Grančay, Martin, 1984-2024 
700 1 |a Grančay, Nóra